<?xml version="1.0" encoding="UTF-8"?>
<collection xmlns="http://www.loc.gov/MARC21/slim">
  <record>
    <leader>00000nam  2200000   4500</leader>
    <datafield tag="247" ind1="#" ind2="#">
      <subfield code="a"/>
    </datafield>
    <controlfield tag="Wor">$a 1</controlfield>
    <datafield tag="856" ind1="#" ind2="#">
      <subfield code="a"/>
    </datafield>
    <datafield tag="700" ind1=" " ind2="#">
      <subfield code="a"/>
    </datafield>
    <datafield tag="650" ind1=" " ind2="#">
      <subfield code="a">Kesejahteraan Rakyat</subfield>
    </datafield>
    <datafield tag="520" ind1=" " ind2="#">
      <subfield code="a"/>
    </datafield>
    <datafield tag="321" ind1="#" ind2="#">
      <subfield code="a"/>
    </datafield>
    <datafield tag="310" ind1="#" ind2="#">
      <subfield code="a"/>
    </datafield>
    <datafield tag="300" ind1="#" ind2="#">
      <subfield code="a">68 halaman</subfield>
      <subfield code="b">ilus</subfield>
      <subfield code="c">21 cm</subfield>
      <subfield code="e"/>
    </datafield>
    <datafield tag="260" ind1="#" ind2="#">
      <subfield code="a">Jakarta</subfield>
      <subfield code="b">SwaKarsa</subfield>
      <subfield code="c">2005</subfield>
    </datafield>
    <controlfield tag="001">$a INLIS000000000020805</controlfield>
    <datafield tag="245" ind1="#" ind2="#">
      <subfield code="a">Indonesia dan Doktrin Kesejahteraan Sosial</subfield>
      <subfield code="b">Paham Memerangi Kemiskinan dan Pengangguran</subfield>
      <subfield code="c">Swasono, Sri Edi</subfield>
    </datafield>
    <datafield tag="100" ind1=" " ind2="#">
      <subfield code="a">Sri Edi Swasono</subfield>
    </datafield>
    <datafield tag="084" ind1="#" ind2="#">
      <subfield code="a">361 Swa I</subfield>
    </datafield>
    <datafield tag="082" ind1="#" ind2="#">
      <subfield code="a">361</subfield>
    </datafield>
    <datafield tag="035" ind1="#" ind2="#">
      <subfield code="a">0010-1125000004</subfield>
    </datafield>
    <datafield tag="022" ind1="#" ind2="#">
      <subfield code="a"/>
    </datafield>
    <controlfield tag="008">$a 251117################g##########0#ind##</controlfield>
    <controlfield tag="005">$a 20251117144403</controlfield>
  </record>
</collection>
